| 000 | 00390nam a22001577a 4500 | ||
|---|---|---|---|
| 005 | 20231129133442.0 | ||
| 008 | 231129b |||||||| |||| 00| 0 eng d | ||
| 041 | _aEnglish | ||
| 082 | _a340.06 GUI | ||
| 100 | _lEnglish | ||
| 245 | _aGuide for Instructors | ||
| 260 | _c1991 | ||
| 300 | _c33 cm. | ||
| 650 |
_aLegal practice _bLaw |
||
| 942 |
_cBK _6ALISON_BN_VRIES |
||
| 999 |
_c1054 _d1054 |
||